| 000 | 00411nam a2200133 4500 | ||
|---|---|---|---|
| 999 |
_c12641 _d12641 |
||
| 008 | 160805b xxu||||| |||| 00| 0 eng d | ||
| 020 | _a9789966510563 | ||
| 050 | _aPL 8703 .K36C4 2016 | ||
| 100 | _aChiduo, Eliezer F. K. | ||
| 245 | _aKamusi elezi/ | ||
| 260 |
_aNairobi: _bJomo Kenyatta Foundation, _c2016. |
||
| 300 |
_a805p. : _bill ; _c21cm. |
||
| 650 | _aSwahili Language | ||
| 942 |
_2lcc _cREF_BOOK _hPL 870 .K36C4 2011 |
||